| 000 | 00783nam a2200229 i 4500 | ||
|---|---|---|---|
| 001 | 94793 | ||
| 003 | ES-MaACL | ||
| 005 | 20250828035601.0 | ||
| 007 | t| | ||
| 008 | 050516s1968 sp ||||1| spa d | ||
| 080 | _a371.4 | ||
| 100 | 1 |
_aLubienska de Lenval, Hélène. _974500 |
|
| 245 | 1 | 3 |
_aEl método Montessori : _bespíritu y técnica / _cHèlene Lubienska de Lenval ; traducción e introduccion, Santiago Mínguez. |
| 260 |
_aMadrid : _bMagisterio Español, _c1968. |
||
| 300 |
_a103 p. ; _c18 cm. |
||
| 490 | 1 |
_aFolletos el Magisterio Español ; _v31-32 |
|
| 650 | 4 |
_aMétodo Montessori. _915020 |
|
| 700 | 1 |
_aMínguez, Santiago. _981352 |
|
| 830 | 1 | 0 |
_aFolletos El Magisterio Español _v31-32 _9182679 |
| 852 |
_aES-MaACL _jC-51459 |
||
| 999 |
_c94793 _d94793 |
||